| 000 | 00511nam a2200181Ia 4500 | ||
|---|---|---|---|
| 001 | 56582 | ||
| 008 | 140506s9999 xx 000 0 und d | ||
| 020 | _aNA | ||
| 040 | _cPK-LaUMT | ||
| 082 |
_aMAL 333.82130973 _bDRY-E |
||
| 100 | _aCalef, Charles E. | ||
| 245 | 4 |
_aThe energetics of the United States of America _cCalef, Charles E.<>Drysdale, Frank R. |
|
| 260 |
_aNew York,usa: _bBrookhaven National Laboratory, _c1977 |
||
| 300 | _a439 p. | ||
| 546 | _aEN | ||
| 700 | _aDrysdale, Frank R. | ||
| 942 | _cBK | ||
| 999 |
_c53895 _d53895 |
||